| 000 | 02013cam a22004575i 4500 | ||
|---|---|---|---|
| 999 |
_c14735 _d14735 |
||
| 003 | EG-ScBUE | ||
| 005 | 20200104151153.0 | ||
| 006 | m||||f ||h 00| 0 | ||
| 008 | 100929s2007 enka f 000 0 eng d | ||
| 020 | _a9780230009448 (Writing skills) | ||
| 020 | _a9780230009455 (Reading skills) | ||
| 020 | _a9780230009486 (Listening skills) | ||
| 040 |
_aEG-ScBUE _beng _erda _cEG-ScBUE _dEG-ScBUE |
||
| 082 | 0 | 4 |
_a428.24076 _bMCC _222 |
| 100 | 1 |
_aMcCarter, Sam, _eauthor. _919942 |
|
| 245 | 1 | 0 |
_aWriting skills / _cSam McCarter, Norman Whitby, Barry Cusack. |
| 264 | 1 |
_aOxford : _bMacmillan Education, _c2007. |
|
| 300 |
_a3 volumes : _billustrations ; _c28 cm. + _e2 audio CDs (4 3/4 in.) |
||
| 336 |
_atext _btxt _2rdacontent |
||
| 336 |
_aspoken word _bspw _2rdacontent |
||
| 337 |
_aunmediated _bn _2rdamedia |
||
| 337 |
_aaudio _bs _2rdamedia |
||
| 338 |
_avolume _bnc _2rdacarrier |
||
| 338 |
_aaudio disc _bsd _2rdacarrier |
||
| 490 | 0 | _aImprove your IELTS | |
| 505 | 0 | _avolume 1. Writing skills -- volume 2. Reading skills -- volume 3. Listening and speaking skills. | |
| 520 | _aThis series aims to help develop the skills, language and test techniques required to do well in the exam. | ||
| 590 | _aeman | ||
| 650 | 7 |
_aInternational English Language Testing System _vStudy guides. _2BUEsh _936012 |
|
| 650 | 7 |
_aReading comprehension _xAbility testing. _2BUEsh _919970 |
|
| 650 | 7 |
_aEnglish language _xWriting _vExaminations, questions, etc. _2BUEsh _919961 |
|
| 650 | 7 |
_aEnglish language _vExaminations, questions, etc. _2BUEsh |
|
| 650 | 7 |
_aEnglish language _vTextbooks for foreign speakers. _2BUEsh |
|
| 650 | 7 |
_aEnglish language _vSound recordings for foreign speakers. _2BUEsh _936029 |
|
| 650 | 7 |
_aEnglish language _vStudy and teaching as a second language. _2BUEsh |
|
| 650 | 7 |
_aEnglish language _xStudy and teaching _xForeign speakers. _2BUEsh |
|
| 653 |
_bHHUUEENN _cOctober2018 |
||
| 700 | 1 |
_aWhitby, Norman, _eauthor. _919959 |
|
| 700 | 1 |
_aCusack, Barry, _eauthor. _919943 |
|
| 942 |
_2ddc _cBB |
||